| 000 | 00804cam a2200265 4500 | ||
|---|---|---|---|
| 001 | ABS65340 | ||
| 008 | 020415n2002 000 0 eng u | ||
| 035 | _a(Sirsi) u117466 | ||
| 245 | _aRegional survey: Lancashire and Cumbria | ||
| 260 | _c2002 | ||
| 490 |
_aProperty Week _v67(13) 5 April 2002, 37-46(5) |
||
| 590 | _aABS | ||
| 650 | _aLANCASHIRE | ||
| 650 | _aCUMBRIA | ||
| 650 | _aNORTH WEST DEVELOPMENT AGENCY | ||
| 650 | _aREGENERATION | ||
| 650 | _aPRESTON | ||
| 650 | _aPROPERTY-COMMERCIAL PROPERTY-RETAIL PROPERTY-RETAIL PROPERTY MARKET | ||
| 650 | _aTITHEBARN | ||
| 650 | _aBLACKPOOL | ||
| 650 | _aCARLISLE | ||
| 650 | _aPROPERTY-COMMERCIAL PROPERTY-OFFICE PROPERTY-OFFICE PROPERTY MARKET | ||
| 690 | _aPROPERTY-COMMERCIAL PROPERTY-COMMERCIAL PROPERTY MARKET | ||
| 942 | _n0 | ||
| 999 |
_c69975 _d69975 |
||